Vainqueurs de la Ligue des champions par Année - Statistiques

Statistiques générales
  • Ce quiz a été pris 55 fois
  • Le résultat moyen est 32 sur 69
Statistiques - réponses
Hint Réponse % Correct
1956–57 Real Madrid
85%
1957–58 Real Madrid
85%
1958–59 Real Madrid
85%
1955–56 Real Madrid
82%
1959–60 Real Madrid
76%
1992–93 Olympique de Marseille
70%
1960–61 Benfica Lisbonne
64%
1961–62 Benfica Lisbonne
64%
2008–09 FC Barcelone
64%
2017–18 Real Madrid
61%
1972–73 Ajax Amsterdam
58%
2013–14 Real Madrid
58%
2015–16 Real Madrid
58%
2016–17 Real Madrid
58%
2023–24 Real Madrid
58%
1971–72 Ajax Amsterdam
55%
2005–06 FC Barcelone
55%
1970–71 Ajax Amsterdam
52%
2011–12 Chelsea FC
52%
2003–04 FC Porto
52%
2007–08 Manchester United
52%
2001–02 Real Madrid
52%
2021–22 Real Madrid
52%
1993–94 AC Milan
48%
2006–07 AC Milan
48%
2012–13 Bayern Munich
48%
2019–20 Bayern Munich
48%
2010–11 FC Barcelone
48%
2014–15 FC Barcelone
48%
2009–10 Inter Milan
48%
2018–19 Liverpool FC
48%
2022–23 Manchester City
48%
1999-00 Real Madrid
48%
1994–95 Ajax Amsterdam
45%
1974–75 Bayern Munich
45%
1996–97 Borussia Dortmund
45%
1990–91 Étoile rouge de Belgrade
45%
1998–99 Manchester United
45%
1978–79 Nottingham Forest
45%
2002–03 AC Milan
42%
1975–76 Bayern Munich
42%
1966–67 Celtic Glasgow
42%
2020–21 Chelsea FC
42%
1963–64 Inter Milan
42%
1979–80 Nottingham Forest
42%
1962–63 AC Milan
39%
1981–82 Aston Villa
39%
1973–74 Bayern Munich
39%
2000–01 Bayern Munich
39%
2004–05 Liverpool FC
39%
1967–68 Manchester United
39%
1997–98 Real Madrid
39%
1995–96 Juventus
36%
1985–86 Steaua Bucarest
36%
1988–89 AC Milan
33%
1989–90 AC Milan
33%
1969–70 Feyenoord Rotterdam
33%
1984–85 Juventus
33%
1976–77 Liverpool FC
33%
1977–78 Liverpool FC
33%
1991–92 FC Barcelone
30%
1964–65 Inter Milan
30%
1965–66 Real Madrid
30%
1986–87 FC Porto
27%
1982–83 Hambourg SV
27%
1987–88 PSV Eindhoven
27%
1968–69 AC Milan
24%
1980–81 Liverpool FC
24%
1983–84 Liverpool FC
18%
Aucun quiz correspondant
Distribution des résultats
% des personnes avec chaque résultat
Percentile par nombre de réponses
Votre historique - résultats
Vous n’avez pas pris ce quiz